000 00626nam a22001817a 4500
005 20240327124615.0
010 _aENG-139970
020 _a9789390746903
_c2350.00
035 _aEN-123502
037 _bDBAD/PUB
082 _a779.2402
100 _aJain, Ananya
_963982
245 _aShuttered Expressions/
_cBy Ananya Jain
260 _aKolkata
_bExceller Books
_c2021
270 _aG1, Dream Apartment, Degree College Road , Belgharia
_bKolkata
_e700056
300 _a115p.
_c28cm(Pb)
942 _2ddc
_cEN
_h779.2402
_mJAI
999 _c201805
_d201805